000
00292nam a22001097a 4500
040
_c
HS
082
_a
584
100
_a
សួស ចំណាន
245
_a
បច្ចេកវិទ្យាមុនប្រមូលផល
260
_a
RUA
_b
សួស ចំណាន
_c
2011
942
_c
KB
999
_c
8705
_d
8705